000 00308nam a22001337a 4500
008 171220b xxu||||| |||| 00| 0 eng d
020 _a0043303145
041 _aeng
080 _a33
100 _a53
101 _aECO
245 _aECONOMIC EFFICIENCY AND SOCIAL WELFARE
_cMISHAN,E,J
942 _2udc
_cBK
999 _c39226
_d39226